000 00546cam a22002171 4500
001 sa 65002744
003 DLC
005 20260227112118.0
008 890802s1964 ii ac 000 0 tamo
010 _asa 65002744
035 _a(OCoLC)20116491
040 _aDLC
_cWaU
_dDLC
042 _apremarc
050 0 0 _aDS481.N35
_bS25
100 1 _aSankaran, S.,
_d1926-
245 1 0 _aMan̲ita kula māṇikkam.
260 _c1964.
300 _a384 p.
_billus., ports.
_c19 cm.
500 _aIn Tamil.
600 1 0 _aNehru, Jawaharlal,
_d1889-1964.
999 _c62784
_d62784